[Event "FICGS W-ch st2 g03 email"]
[Site "FICGS email"]
[Date "2020.10.07"]
[Round "1"]
[White "Fric, Lubos"]
[Black "Orlov, Sergei"]
[Result "1/2-1/2"]
[WhiteElo "2276"]
[BlackElo "2180"]
[PlyCount "36"]
[EventDate "2020.??.??"]
[EventType "tourn (corr)"]
[EventRounds "8"]
[SourceTitle "Corr 2022"]
[Source "ChessBase"]
[SourceDate "2021.10.24"]
[SourceVersion "1"]
[SourceVersionDate "2021.10.24"]
[SourceQuality "1"]

1. Nf3 Nf6 2. g3 d5 3. Bg2 c6 4. 0-0 Bg4 5. h3 Bh5 6. c4 e6 7. d4 Nbd7 8. cxd5 exd5 9. Nc3 Bd6 10. Nh4 0-0 11. Qd3 Bg6 12. Nxg6 hxg6 13. h4 Re8 14. Bg5 Bb4 15. a3 Bxc3 16. bxc3 b5 17. a4 a6 18. Rfe1 Qc8 1/2-1/2

[Event "FICGS W-ch st2 g03 email"]
[Site "FICGS email"]
[Date "2020.10.07"]
[Round "1"]
[White "Orlov, Sergei"]
[Black "Vasquez, Fernando Jose Pinto"]
[Result "1-0"]
[WhiteElo "2180"]
[BlackElo "2117"]
[PlyCount "147"]
[EventDate "2020.??.??"]
[EventType "tourn (corr)"]
[EventRounds "8"]
[SourceTitle "Corr 2022"]
[Source "ChessBase"]
[SourceDate "2021.10.24"]
[SourceVersion "1"]
[SourceVersionDate "2021.10.24"]
[SourceQuality "1"]

1. e4 e5 2. Nf3 Nf6 3. Nxe5 d6 4. Nf3 Nxe4 5. d4 d5 6. Bd3 Nc6 7. 0-0 Be7 8. c4 Nb4 9. Be2 0-0 10. Nc3 Be6 11. Ne5 c5 12. Nxe4 dxe4 13. d5 Bc8 14. a3 Na6 15. Qc2 f6 16. Ng4 f5 17. Ne5 Nb8 18. b4 Qc7 19. Bb2 Nd7 20. Nxd7 Bxd7 21. Kh1 Bd6 22. Qc3 Rf6 23. bxc5 Bxc5 24. f4 Rc8 25. a4 a5 26. g3 Qb6 27. Qd2 Rg6 28. Bc3 Be3 29. Qe1 Ra8 30. Kg2 Bc5 31. Qd2 Qc7 32. Be5 Qd8 33. Bd4 Qc7 34. Rfb1 b6 35. Be3 Qd6 36. Bxc5 Qxc5 37. Rb3 Kf8 38. Qb2 Rd6 39. h3 Rb8 40. Qa3 Qxa3 41. Raxa3 Ke8 42. Kf2 Kd8 43. Ke3 Rh6 44. h4 Kc7 45. Kd4 Rf6 46. h5 g6 47. h6 Rd8 48. Rc3 Bc6 49. Ra1 Rfd6 50. g4 Be8 51. Ke5 Kb7 52. Rg1 Kb8 53. gxf5 gxf5 54. Rh3 Rg6 55. Rxg6 Bxg6 56. d6 Kb7 57. c5 bxc5 58. Rb3+ Ka7 59. Bb5 c4 60. Rb1 Bh5 61. d7 Be2 62. Kd6 Bd3 63. Rc1 e3 64. Bxc4 Bxc4 65. Rxc4 e2 66. Rc1 Rb8 67. Re1 Rb2 68. d8Q Rd2+ 69. Ke7 Rxd8 70. Kxd8 Kb6 71. Rxe2 Kc5 72. Re7 Kd5 73. Rxh7 Ke4 74. Re7+ 1-0

[Event "FICGS rapid M 000118 email"]
[Site "FICGS email"]
[Date "2020.09.05"]
[Round "1"]
[White "Kerr, Graham"]
[Black "Orlov, Sergei"]
[Result "1/2-1/2"]
[WhiteElo "2312"]
[BlackElo "2180"]
[PlyCount "87"]
[EventDate "2020.??.??"]
[EventType "tourn (rapid)"]
[EventRounds "6"]
[SourceTitle "Corr 2022"]
[Source "ChessBase"]
[SourceDate "2021.10.24"]
[SourceVersion "1"]
[SourceVersionDate "2021.10.24"]
[SourceQuality "1"]

1. d4 Nf6 2. c4 e6 3. Nf3 b6 4. g3 Ba6 5. b3 Bb4+ 6. Bd2 Be7 7. Nc3 0-0 8. Bg2 c6 9. e4 d5 10. exd5 cxd5 11. Ne5 Bb7 12. 0-0 Nc6 13. Bf4 Rc8 14. Rc1 Na5 15. Qe2 dxc4 16. Bxb7 Nxb7 17. bxc4 Na5 18. Rfd1 Qe8 19. h4 h6 20. Nb5 Nxc4 21. Nxa7 Ra8 22. Nec6 Na5 23. Nxe7+ Qxe7 24. Nb5 Rfd8 25. Bc7 Rd7 26. Bxb6 Nd5 27. Bc5 Qd8 28. Rd2 Nc6 29. Rb2 Qc8 30. Rc4 Qa6 31. a4 Nf6 32. Ra2 Nd5 33. Ra1 Qb7 34. Nd6 Qa6 35. Nb5 Qb7 36. Kh2 Ra6 37. Rac1 Rd8 38. Ba3 Qd7 39. Qf3 Rc8 40. Qe4 f5 41. Qc2 Kh7 42. Rc5 Nf6 43. Rc4 Ng4+ 44. Kg1 1/2-1/2

[Event "FICGS rapid M 000115 email"]
[Site "FICGS email"]
[Date "2020.05.21"]
[Round "1"]
[White "Orlov, Sergei"]
[Black "Duttagupta, Aniruddha"]
[Result "1/2-1/2"]
[WhiteElo "2156"]
[BlackElo "2114"]
[PlyCount "34"]
[EventDate "2020.??.??"]
[EventType "tourn (rapid)"]
[EventRounds "6"]
[SourceTitle "Corr 2022"]
[Source "ChessBase"]
[SourceDate "2021.10.24"]
[SourceVersion "1"]
[SourceVersionDate "2021.10.24"]
[SourceQuality "1"]

1. e4 e5 2. Nf3 Nc6 3. Bc4 Bc5 4. c3 Nf6 5. d3 d6 6. 0-0 0-0 7. h3 a5 8. Re1 h6 9. Nbd2 Be6 10. a4 Bxc4 11. Nxc4 Re8 12. Be3 Bxe3 13. Nxe3 Qd7 14. Nh4 Ne7 15. Qf3 Kh7 16. d4 Rad8 17. Ng4 Nxg4 1/2-1/2

[Event "FICGS rapid M 000102 email"]
[Site "FICGS email"]
[Date "2019.03.06"]
[Round "1"]
[White "Orlov, Sergei"]
[Black "Cirulis, Ilmars"]
[Result "1-0"]
[WhiteElo "2115"]
[BlackElo "2188"]
[PlyCount "51"]
[EventDate "2019.??.??"]
[EventType "tourn (rapid)"]
[EventRounds "6"]
[SourceTitle "Corr 2022"]
[Source "ChessBase"]
[SourceDate "2021.10.24"]
[SourceVersion "1"]
[SourceVersionDate "2021.10.24"]
[SourceQuality "1"]

1. e4 e5 2. Nf3 Nc6 3. Bc4 Be7 4. d4 exd4 5. Nxd4 Nf6 6. Nxc6 bxc6 7. e5 Nd5 8. Bxd5 cxd5 9. Qxd5 c6 10. Qd4 f6 11. Bf4 Qb6 12. Qxb6 axb6 13. 0-0 g5 14. Bg3 h5 15. Nd2 f5 16. f3 c5 17. Bf2 Ba6 18. Rfe1 g4 19. f4 h4 20. Nf1 Bb7 21. Ne3 Be4 22. c4 Kf7 23. Nd5 g3 24. hxg3 hxg3 25. Bxg3 Rhb8 26. Nxe7 1-0

[Event "FICGS rapid M 000102 email"]
[Site "FICGS email"]
[Date "2019.03.06"]
[Round "1"]
[White "Parmet, Daniel Edward"]
[Black "Orlov, Sergei"]
[Result "1-0"]
[WhiteElo "2125"]
[BlackElo "2115"]
[PlyCount "81"]
[EventDate "2019.??.??"]
[EventType "tourn (rapid)"]
[EventRounds "6"]
[SourceTitle "Corr 2022"]
[Source "ChessBase"]
[SourceDate "2021.10.24"]
[SourceVersion "1"]
[SourceVersionDate "2021.10.24"]
[SourceQuality "1"]

1. d4 Nf6 2. c4 e6 3. Nf3 b6 4. g3 Bb7 5. Bg2 Be7 6. d5 exd5 7. Nh4 c6 8. Nf5 0-0 9. cxd5 Nxd5 10. 0-0 Nc7 11. e4 d5 12. exd5 Nxd5 13. Nc3 Nxc3 14. Qg4 g6 15. Nh6+ Kg7 16. bxc3 Bc8 17. Qf4 Qd6 18. Qa4 g5 19. Re1 Kxh6 20. h4 f6 21. Be3 Bf5 22. Rad1 Qa3 23. Qc4 b5 24. hxg5+ fxg5 25. Qh4+ Kg6 26. Qh1 Kg7 27. Be4 Bg6 28. Bxg6 hxg6 29. Qh3 Bf6 30. Kg2 Qxa2 31. Rh1 Qg8 32. c4 Re8 33. Bd4 Bxd4 34. Rxd4 Rd8 35. Rxd8 Qxd8 36. Qe6 Nd7 37. Rd1 Nf8 38. Rxd8 Nxe6 39. Rxa8 bxc4 40. Rxa7+ Kf6 41. Ra4 1-0

[Event "FICGS W-ch st1 gN 01 email"]
[Site "FICGS email"]
[Date "2017.07.01"]
[Round "1"]
[White "Dialfonso, Darren"]
[Black "Orlov, Sergei"]
[Result "1/2-1/2"]
[WhiteElo "2169"]
[BlackElo "2143"]
[PlyCount "40"]
[EventDate "2017.??.??"]
[EventType "tourn (corr)"]
[EventRounds "6"]
[SourceTitle "Corr 2022"]
[Source "ChessBase"]
[SourceDate "2021.10.24"]
[SourceVersion "1"]
[SourceVersionDate "2021.10.24"]
[SourceQuality "1"]

1. e4 e6 2. d4 d5 3. Nc3 Nf6 4. Bg5 dxe4 5. Nxe4 Nbd7 6. Nf3 h6 7. Nxf6+ Nxf6 8. Bh4 c5 9. c3 cxd4 10. Nxd4 Be7 11. Bd3 0-0 12. 0-0 Qb6 13. Qe2 Bd7 14. Rad1 Rfd8 15. Rfe1 Rac8 16. Bc2 Bc6 17. Qd3 Kf8 18. Qe3 Rc7 19. Bg3 Rcd7 20. Nxc6 Qxe3 1/2-1/2

[Event "FICGS W-ch st1 gN 01 email"]
[Site "FICGS email"]
[Date "2017.07.01"]
[Round "1"]
[White "Orlov, Sergei"]
[Black "Bernal Varela, Nelson"]
[Result "0-1"]
[WhiteElo "2143"]
[BlackElo "2208"]
[PlyCount "76"]
[EventDate "2017.??.??"]
[EventType "tourn (corr)"]
[EventRounds "6"]
[SourceTitle "Corr 2022"]
[Source "ChessBase"]
[SourceDate "2021.10.24"]
[SourceVersion "1"]
[SourceVersionDate "2021.10.24"]
[SourceQuality "1"]

1. e4 e6 2. d4 d5 3. Nc3 Nf6 4. e5 Nfd7 5. f4 c5 6. Nf3 Nc6 7. Be3 Be7 8. Qd2 a6 9. a3 b6 10. Bd3 0-0 11. 0-0 f6 12. exf6 Nxf6 13. Ne5 Qc7 14. Nxc6 Qxc6 15. Be2 Bb7 16. Bf3 Ne4 17. Nxe4 dxe4 18. Bg4 Rad8 19. c3 Bf6 20. Rac1 a5 21. Rfd1 cxd4 22. cxd4 Qd5 23. b4 a4 24. Rc7 Ba6 25. Rdc1 Bb5 26. g3 Rf7 27. h4 Rxc7 28. Rxc7 h6 29. Bh3 Rd6 30. Bg4 Kf8 31. Kf2 h5 32. Bh3 Ke8 33. Rc3 Bd3 34. Rc8+ Ke7 35. Qb2 Bb5 36. Rc7+ Kd8 37. Rc2 Qb3 38. Bg2 Bd3 0-1

[Event "FICGS W-ch st1 gN 01 email"]
[Site "FICGS email"]
[Date "2017.07.01"]
[Round "1"]
[White "Orlov, Sergei"]
[Black "Demchenko, Sergey Pavlovich"]
[Result "0-1"]
[WhiteElo "2143"]
[BlackElo "2168"]
[PlyCount "78"]
[EventDate "2017.??.??"]
[EventType "tourn (corr)"]
[EventRounds "6"]
[SourceTitle "Corr 2022"]
[Source "ChessBase"]
[SourceDate "2021.10.24"]
[SourceVersion "1"]
[SourceVersionDate "2021.10.24"]
[SourceQuality "1"]

1. e4 c5 2. Nf3 Nc6 3. Nc3 g6 4. d4 cxd4 5. Nxd4 Bg7 6. Be3 Nf6 7. Bc4 0-0 8. Bb3 d6 9. f3 Bd7 10. Qd2 Na5 11. h4 Nxb3 12. cxb3 h5 13. 0-0-0 Rc8 14. Kb1 Re8 15. Rc1 a6 16. Nc2 b5 17. Nb4 a5 18. Nbd5 b4 19. Nxf6+ exf6 20. Nd5 f5 21. Bg5 Rxc1+ 22. Rxc1 f6 23. Be3 fxe4 24. Bb6 Qb8 25. Bxa5 exf3 26. gxf3 Qb7 27. Nc7 Bf5+ 28. Ka1 Rc8 29. Qxb4 Qxb4 30. Bxb4 Bh6 31. Rc4 Bd3 32. Rc6 Bb5 33. Rc3 Be2 34. Ne6 Rxc3 35. bxc3 Bxf3 36. Nd4 Be4 37. Bxd6 Be3 38. b4 g5 39. Bg3 f5 0-1

[Event "FICGS W-ch st1 gN 02 email"]
[Site "FICGS email"]
[Date "2015.08.01"]
[Round "1"]
[White "Orlov, Sergei"]
[Black "Alcala, Alvin"]
[Result "1/2-1/2"]
[WhiteElo "2222"]
[BlackElo "2103"]
[PlyCount "50"]
[EventDate "2015.??.??"]
[EventType "tourn (corr)"]
[EventRounds "6"]
[SourceTitle "Corr 2022"]
[Source "ChessBase"]
[SourceDate "2021.10.24"]
[SourceVersion "1"]
[SourceVersionDate "2021.10.24"]
[SourceQuality "1"]

1. e4 c5 2. Nf3 d6 3. d4 cxd4 4. Nxd4 Nf6 5. Nc3 a6 6. Bg5 e6 7. f4 Qb6 8. Qd2 Qxb2 9. Rb1 Qa3 10. f5 Nc6 11. fxe6 fxe6 12. Nxc6 bxc6 13. e5 dxe5 14. Bxf6 gxf6 15. Ne4 Be7 16. Be2 h5 17. Rf1 f5 18. Rf3 Qxa2 19. Rfb3 fxe4 20. Qc3 Bd8 21. Qxc6+ Bd7 22. Qxe4 Ke7 23. Rd1 Qa4 24. Rxd7+ Qxd7 25. Qxe5 Rh7 1/2-1/2

[Event "FICGS W-ch st1 gN 02 email"]
[Site "FICGS email"]
[Date "2015.08.01"]
[Round "1"]
[White "Orlov, Sergei"]
[Black "Antonov, Vladimir"]
[Result "0-1"]
[WhiteElo "2222"]
[BlackElo "2373"]
[PlyCount "82"]
[EventDate "2015.??.??"]
[EventType "tourn (corr)"]
[EventRounds "6"]
[SourceTitle "Corr 2022"]
[Source "ChessBase"]
[SourceDate "2021.10.24"]
[SourceVersion "1"]
[SourceVersionDate "2021.10.24"]
[SourceQuality "1"]

1. e4 e5 2. Nf3 Nc6 3. Bc4 Nf6 4. d4 exd4 5. e5 Ne4 6. Qe2 Nc5 7. c3 d3 8. Qe3 Be7 9. b4 Ne6 10. 0-0 d6 11. exd6 cxd6 12. Nbd2 d5 13. Bxd3 0-0 14. Re1 Re8 15. Nb3 Bf6 16. h3 Re7 17. Qd2 a5 18. b5 a4 19. Ba3 axb3 20. axb3 Rxa3 21. Rxa3 Nb8 22. c4 d4 23. Ra8 Nd7 24. b4 Nb6 25. Ra7 Re8 26. Qc2 g6 27. g3 Kg7 28. h4 h6 29. Re4 g5 30. Qd2 gxh4 31. gxh4 h5 32. Qc1 Qe7 33. Qd2 Qc7 34. c5 Nd5 35. Ra8 Nc3 36. Re1 Rd8 37. b6 Qf4 38. Qxf4 Nxf4 39. Bf1 d3 40. Kh2 Bg4 41. Nd2 Rxa8 0-1

[Event "FICGS class M 000073 email"]
[Site "FICGS email"]
[Date "2015.07.21"]
[Round "1"]
[White "Markus, Roland"]
[Black "Orlov, Sergei"]
[Result "1/2-1/2"]
[WhiteElo "2231"]
[BlackElo "2222"]
[PlyCount "159"]
[EventDate "2015.??.??"]
[EventType "tourn (corr)"]
[EventRounds "6"]
[SourceTitle "Corr 2022"]
[Source "ChessBase"]
[SourceDate "2021.10.24"]
[SourceVersion "1"]
[SourceVersionDate "2021.10.24"]
[SourceQuality "1"]

1. e4 e6 2. d4 d5 3. Nc3 Nf6 4. Bg5 dxe4 5. Nxe4 Be7 6. Bxf6 Bxf6 7. Nf3 0-0 8. Qd2 Be7 9. 0-0-0 Qd5 10. Nc3 Qa5 11. a3 Nd7 12. Kb1 Qb6 13. Qe3 Nf6 14. Ne5 Nd5 15. Qe1 Rb8 16. h4 Nxc3+ 17. Qxc3 f6 18. Nc4 Qc6 19. Rh3 Rd8 20. Qe1 Qe8 21. Rc3 b6 22. g3 Qf7 23. Bh3 Bf8 24. Qe2 a5 25. f4 a4 26. Re3 b5 27. Na5 Rb6 28. Bg2 Qd7 29. Bf3 b4 30. axb4 Bxb4 31. Nc4 Rb8 32. d5 Ba6 33. Rxe6 Bb5 34. d6 cxd6 35. Re7 Re8 36. Rxe8+ Rxe8 37. Qd3 d5 38. Bxd5+ Kh8 39. Qd4 Bf8 40. Ne3 Qc7 41. Bf3 a3 42. Nd5 a2+ 43. Ka1 Qxc2 44. Nc3 Ba6 45. Be4 Qb3 46. Bd5 Qb4 47. Qxb4 Bxb4 48. Bf7 Rf8 49. Be6 f5 50. Nd5 Rd8 51. Rc1 Bf8 52. Nc7 Bd3 53. Bd5 Rc8 54. Rc3 Be4 55. Bxe4 fxe4 56. Nb5 Rb8 57. Na3 h6 58. Nc4 Rc8 59. h5 Bb4 60. Rc2 Be1 61. g4 Bg3 62. f5 Re8 63. Kxa2 Kg8 64. Ne3 Kf7 65. b4 Kf6 66. Rc6+ Ke5 67. Kb3 Kf4 68. Nc2 Bh4 69. Re6 Rb8 70. Nd4 Bf6 71. Nc6 Rb7 72. Na5 Re7 73. Nc4 Kxg4 74. b5 Kxh5 75. b6 Rb7 76. Kb4 Bd4 77. Kb5 Bxb6 78. Nxb6 Kg5 79. Kc6 Kxf5 80. Re8 1/2-1/2

[Event "FICGS class M 000061 email"]
[Site "FICGS email"]
[Date "2013.03.05"]
[Round "1"]
[White "Clement, George"]
[Black "Orlov, Sergei"]
[Result "1-0"]
[WhiteElo "2246"]
[BlackElo "2239"]
[PlyCount "85"]
[EventDate "2013.??.??"]
[EventType "tourn (corr)"]
[EventRounds "6"]
[SourceTitle "Corr 2022"]
[Source "ChessBase"]
[SourceDate "2021.10.24"]
[SourceVersion "1"]
[SourceVersionDate "2021.10.24"]
[SourceQuality "1"]

1. e4 e6 2. d4 d5 3. Nc3 Nf6 4. e5 Nfd7 5. f4 c5 6. Nf3 Nc6 7. Be3 a6 8. Qd2 b5 9. Be2 b4 10. Nd1 Qb6 11. c3 bxc3 12. Nxc3 Rb8 13. b3 Qb4 14. dxc5 Bxc5 15. Bxc5 Nxc5 16. Rc1 Ne7 17. 0-0 Qb6 18. Qd4 0-0 19. Nb1 Ne4 20. Qxb6 Rxb6 21. Rc7 Nf5 22. Rfc1 Bb7 23. Nc3 Rb4 24. Na4 a5 25. Nc5 Nxc5 26. R1xc5 Ba8 27. Rxa5 Rxf4 28. Rca7 Bc6 29. R5a6 Be8 30. Rb6 Nd4 31. Nxd4 Rxd4 32. Bf3 f6 33. Rbb7 Bg6 34. Rxg7+ Kh8 35. exf6 Rxf6 36. a4 Rf8 37. a5 e5 38. h4 Rxh4 39. Bxd5 Bd3 40. Rgf7 Rxf7 41. Rxf7 Rb4 42. Rb7 Rd4 43. Bc6 1-0

[Event "FICGS class M 000061 email"]
[Site "FICGS email"]
[Date "2013.03.05"]
[Round "1"]
[White "Markus, Roland"]
[Black "Orlov, Sergei"]
[Result "1/2-1/2"]
[WhiteElo "2233"]
[BlackElo "2239"]
[PlyCount "32"]
[EventDate "2013.??.??"]
[EventType "tourn (corr)"]
[EventRounds "6"]
[SourceTitle "Corr 2022"]
[Source "ChessBase"]
[SourceDate "2021.10.24"]
[SourceVersion "1"]
[SourceVersionDate "2021.10.24"]
[SourceQuality "1"]

1. e4 e6 2. d4 d5 3. Nc3 Nf6 4. Bg5 Be7 5. e5 Nfd7 6. Bxe7 Qxe7 7. f4 a6 8. Nf3 c5 9. dxc5 Nc6 10. Qd2 Qxc5 11. 0-0-0 b5 12. Ne2 0-0 13. Kb1 Nb6 14. Ned4 Nc4 15. Qd3 Nxd4 16. Qxd4 Qxd4 1/2-1/2

[Event "FICGS class M 000061 email"]
[Site "FICGS email"]
[Date "2013.03.05"]
[Round "1"]
[White "Orlov, Sergei"]
[Black "Simmelink, Joop Theo"]
[Result "1/2-1/2"]
[WhiteElo "2239"]
[BlackElo "2238"]
[PlyCount "56"]
[EventDate "2013.??.??"]
[EventType "tourn (corr)"]
[EventRounds "6"]
[SourceTitle "Corr 2022"]
[Source "ChessBase"]
[SourceDate "2021.10.24"]
[SourceVersion "1"]
[SourceVersionDate "2021.10.24"]
[SourceQuality "1"]

1. e4 e5 2. Nf3 Nc6 3. Bb5 a6 4. Ba4 Nf6 5. 0-0 Be7 6. Re1 b5 7. Bb3 0-0 8. a4 b4 9. d3 d6 10. a5 Be6 11. Nbd2 Qc8 12. Bc4 Re8 13. h3 Rb8 14. Nf1 Bxc4 15. dxc4 Nd8 16. Nh4 g6 17. b3 Ne6 18. Nf3 Bf8 19. Ng3 Bg7 20. Be3 Qb7 21. Ng5 Nf4 22. Bd2 h6 23. Nf3 h5 24. Kh2 Bh6 25. Qc1 Rbd8 26. Qb2 Nh7 27. Qc1 c5 28. Nh4 Bg7 1/2-1/2

[Event "FICGS W-ch st1 gN 02 email"]
[Site "FICGS email"]
[Date "2012.01.01"]
[Round "1"]
[White "Mamrukov, Dmitri"]
[Black "Orlov, Sergei"]
[Result "1/2-1/2"]
[WhiteElo "2246"]
[BlackElo "2282"]
[PlyCount "47"]
[EventDate "2012.??.??"]
[EventType "tourn (corr)"]
[EventRounds "6"]
[SourceTitle "Corr 2022"]
[Source "ChessBase"]
[SourceDate "2021.10.24"]
[SourceVersion "1"]
[SourceVersionDate "2021.10.24"]
[SourceQuality "1"]

1. d4 Nf6 2. c4 e6 3. Nf3 b6 4. a3 Ba6 5. Qc2 Bb7 6. Nc3 c5 7. e4 cxd4 8. Nxd4 Bc5 9. Nb3 Nc6 10. Nxc5 bxc5 11. Be3 Nd4 12. Qd1 e5 13. Bd3 Qe7 14. 0-0 0-0 15. b4 cxb4 16. axb4 Qxb4 17. Qd2 Bc6 18. Rfb1 Qd6 19. f3 Rfb8 20. Rxb8+ Qxb8 21. Bxd4 exd4 22. Ne2 Ne8 23. Ra5 Nc7 24. Nxd4 1/2-1/2

[Event "FICGS class M 000050 email"]
[Site "FICGS email"]
[Date "2011.09.20"]
[Round "1"]
[White "Orlov, Sergei"]
[Black "Fraczek, Dariusz"]
[Result "1/2-1/2"]
[WhiteElo "2200"]
[BlackElo "2262"]
[PlyCount "137"]
[EventDate "2011.??.??"]
[EventType "tourn (corr)"]
[EventRounds "1"]
[SourceTitle "Corr 2022"]
[Source "ChessBase"]
[SourceDate "2021.10.24"]
[SourceVersion "1"]
[SourceVersionDate "2021.10.24"]
[SourceQuality "1"]

1. e4 e6 2. d4 d5 3. Nd2 Nf6 4. e5 Nfd7 5. Bd3 c5 6. c3 Nc6 7. Ne2 cxd4 8. cxd4 f6 9. exf6 Nxf6 10. Nf3 Bd6 11. 0-0 0-0 12. Bf4 Nh5 13. Bxd6 Qxd6 14. Qc2 Nf6 15. h3 Bd7 16. Rfe1 Rae8 17. Nc3 e5 18. dxe5 Nxe5 19. Nxe5 Rxe5 20. Rxe5 Qxe5 21. Qd2 Re8 22. Rd1 Bc6 23. b4 a6 24. a3 Kh8 25. Ne2 Ba4 26. Rb1 Bc6 27. Qf4 Nd7 28. Qh4 Nf6 29. Qd4 Nd7 30. Rc1 Qh5 31. Qc3 Ne5 32. Nd4 Bd7 33. Bf1 Qg5 34. Qe3 Qxe3 35. fxe3 Rc8 36. Rxc8+ Bxc8 37. Kf2 Kg8 38. e4 dxe4 39. Ke3 Kf8 40. Kxe4 Ng6 41. Kd5 Ke7 42. a4 Nf4+ 43. Kc5 g5 44. g3 Bxh3 45. Bxh3 Nxh3 46. Kb6 Nf2 47. Kxb7 Nd3 48. b5 axb5 49. a5 h5 50. Kb6 Nb4 51. Kxb5 Nd5 52. Kc6 Nb4+ 53. Kc5 Na6+ 54. Kb6 Nb8 55. Kb7 Nd7 56. Kc7 Nc5 57. Nf3 Kf6 58. Kb6 Nd7+ 59. Kc6 Nb8+ 60. Kb7 Nd7 61. Ne1 h4 62. Kc7 Nc5 63. gxh4 gxh4 64. Nd3 h3 65. Nxc5 h2 66. Ne4+ Ke5 67. Nf2 Kf4 68. a6 Kf3 69. Nh1 1/2-1/2

[Event "St Petersburg Blockade op"]
[Site "St Petersburg"]
[Date "2011.01.10"]
[Round "8"]
[White "Enalskiy, Aleksey"]
[Black "Orlov, Sergei"]
[Result "1-0"]
[WhiteElo "1766"]
[BlackElo "1733"]
[PlyCount "137"]
[EventDate "2011.01.03"]
[EventType "swiss"]
[EventRounds "9"]
[EventCountry "RUS"]
[SourceTitle "CBM 140 Extra"]
[Source "ChessBase"]
[SourceDate "2011.03.01"]
[SourceVersion "1"]
[SourceVersionDate "2011.03.01"]
[SourceQuality "1"]

1. Nf3 Nf6 2. c4 c5 3. g3 g6 4. Bg2 Bg7 5. 0-0 0-0 6. e3 d6 7. d4 Qb6 8. Nc3 Bg4 9. h3 cxd4 10. Na4 Bxf3 11. Nxb6 Bxd1 12. Nxa8 Be2 13. Re1 d3 14. Nc7 Na6 15. Nxa6 bxa6 16. Bf1 Ne4 17. Bxe2 d2 18. Rd1 dxc1Q 19. Raxc1 Bxb2 20. Rb1 Rb8 21. Rd3 Rb6 22. Rb3 Rxb3 23. axb3 Bf6 24. b4 Nc3 25. Rb2 e6 26. Bf3 d5 27. cxd5 Nxd5 28. Rb3 Nc7 29. Rd3 Kf8 30. Rd7 Nb5 31. Bc6 Be7 32. Bxb5 axb5 33. Rxa7 Bxb4 34. Rb7 Bc3 35. Rxb5 h5 36. Kg2 Kg7 37. Kf3 f5 38. Kf4 Kf6 39. g4 hxg4 40. hxg4 Be5+ 41. Kf3 g5 42. e4 fxg4+ 43. Kxg4 Bf4 44. Kh5 Be5 45. Kh6 g4 46. Kh5 g3 47. fxg3 Bxg3 48. Kg4 Be5 49. Kf3 Bd6 50. Ke3 e5 51. Rb6 Ke7 52. Kf3 Bc5 53. Ra6 Kf7 54. Kg4 Bd4 55. Kf5 Ke7 56. Ra5 Kf7 57. Rb5 Bc3 58. Rb7+ Ke8 59. Ke6 Kd8 60. Rd7+ Kc8 61. Rd5 Bd4 62. Rxe5 Kc7 63. Rd5 Bf2 64. e5 Bh4 65. Kf7 Kc6 66. Rd1 Bf2 67. e6 Bc5 68. Rc1 Kd6 69. Rxc5 1-0

[Event "St Petersburg Blockade op"]
[Site "St Petersburg"]
[Date "2011.01.08"]
[Round "6"]
[White "Orlov, Sergei"]
[Black "Yusupova, Lilia"]
[Result "1/2-1/2"]
[WhiteElo "1733"]
[BlackElo "1690"]
[PlyCount "113"]
[EventDate "2011.01.03"]
[EventType "swiss"]
[EventRounds "9"]
[EventCountry "RUS"]
[SourceTitle "CBM 140 Extra"]
[Source "ChessBase"]
[SourceDate "2011.03.01"]
[SourceVersion "1"]
[SourceVersionDate "2011.03.01"]
[SourceQuality "1"]

1. Nf3 Nf6 2. b3 g6 3. Bb2 Bg7 4. g3 0-0 5. Bg2 d5 6. 0-0 c6 7. d3 Re8 8. c4 dxc4 9. bxc4 Nbd7 10. d4 Nb6 11. Qb3 h6 12. Ne5 e6 13. c5 Nbd7 14. Rd1 Qc7 15. f4 Nxe5 16. fxe5 Nd5 17. e4 Ne7 18. Nd2 b5 19. Qf3 Bb7 20. a4 a6 21. Rf1 Rf8 22. Qb3 Qd7 23. Nf3 Kh7 24. a5 Ng8 25. g4 f6 26. Rad1 Qe7 27. Bc1 fxe5 28. Nxe5 Bxe5 29. dxe5 g5 30. Rxf8 Rxf8 31. Rd6 Re8 32. Qd3 Kh8 33. Be3 Qf7 34. Bd4 Re7 35. Qh3 Kg7 36. Qg3 Rd7 37. Qb3 Re7 38. Be3 Kg6 39. Qa2 Kg7 40. Bf2 Kg6 41. h4 Kg7 42. hxg5 hxg5 43. Be3 Kh6 44. Qd2 Qg6 45. Rd7 Qg7 46. Rxe7 Qxe7 47. Bf3 Kg6 48. Qh2 Qh7 49. Qd2 Qe7 50. Kg2 Nh6 51. Kg3 Nf7 52. Qh2 Qd8 53. Kf2 Qh8 54. Qg3 Qxe5 55. Qh3 Qh8 56. Qg3 Qh4 57. Qxh4 1/2-1/2

[Event "FICGS W-ch st1 g11 email"]
[Site "FICGS email"]
[Date "2009.11.17"]
[Round "1"]
[White "Kragujevcanin, Stole"]
[Black "Orlov, Sergei"]
[Result "1-0"]
[WhiteElo "1956"]
[BlackElo "1997"]
[PlyCount "79"]
[EventDate "2009.??.??"]
[EventType "tourn (corr)"]
[EventRounds "8"]
[SourceTitle "Corr 2022"]
[Source "ChessBase"]
[SourceDate "2021.10.24"]
[SourceVersion "1"]
[SourceVersionDate "2021.10.24"]
[SourceQuality "1"]

1. e4 e6 2. d4 d5 3. Nc3 Nf6 4. e5 Nfd7 5. f4 c5 6. Nf3 Nc6 7. Be3 a6 8. Qd2 cxd4 9. Nxd4 Bc5 10. 0-0-0 0-0 11. Qf2 Bxd4 12. Bxd4 b5 13. Be3 Qc7 14. Kb1 Bb7 15. Bd3 Rac8 16. Rhe1 h6 17. h4 f5 18. Rg1 Nb4 19. a3 Nxd3 20. Rxd3 Nc5 21. Bxc5 Qxc5 22. Qxc5 Rxc5 23. Ne2 h5 24. Nd4 Bc8 25. Rf1 Kf7 26. Nb3 Rc6 27. Rff3 Bd7 28. Rc3 Rfc8 29. Rxc6 Rxc6 30. Na5 Rc7 31. Kc1 Bc8 32. Kd2 Ke7 33. Rg3 Kf7 34. Rc3 Rxc3 35. Kxc3 Ke7 36. Nb3 Kd7 37. Kb4 Kc7 38. Ka5 Kc6 39. g3 g6 40. c3 1-0

[Event "FICGS W-ch st1 g11 email"]
[Site "FICGS email"]
[Date "2009.02.03"]
[Round "1"]
[White "Orlov, Sergei"]
[Black "Bernal Varela, Nelson"]
[Result "0-1"]
[WhiteElo "1949"]
[BlackElo "2135"]
[PlyCount "86"]
[EventDate "2009.??.??"]
[EventType "tourn (corr)"]
[EventRounds "8"]
[SourceTitle "Corr 2022"]
[Source "ChessBase"]
[SourceDate "2021.10.24"]
[SourceVersion "1"]
[SourceVersionDate "2021.10.24"]
[SourceQuality "1"]

1. e4 c5 2. Nf3 d6 3. d4 cxd4 4. Nxd4 Nf6 5. Nc3 a6 6. Bg5 e6 7. f4 Qb6 8. Qd2 Qxb2 9. Rb1 Qa3 10. f5 b5 11. fxe6 fxe6 12. Be2 Be7 13. Bf3 0-0 14. 0-0 Bd7 15. Rb3 Qc5 16. Be3 Qc8 17. e5 dxe5 18. Bxa8 exd4 19. Bxd4 Nc6 20. Bxc6 Bxc6 21. Ne2 Qd7 22. Qe3 Bd5 23. Rd3 Qc6 24. Bxf6 Bxf6 25. Nd4 Qc8 26. Re1 Be7 27. Nxe6 Qxe6 28. Qxe6+ Bxe6 29. Rxe6 Bc5+ 30. Rde3 Rc8 31. Kf2 Bxe3+ 32. Kxe3 Rxc2 33. Rxa6 Rxg2 34. h4 Rg4 35. Rb6 Rxh4 36. Rb8+ Kf7 37. Rb7+ Kg6 38. Rxb5 Ra4 39. Rb6+ Kf5 40. Rb5+ Kg4 41. Rb7 g5 42. Rxh7 Kg3 43. Ke2 Kg2 0-1